Актуални проблеми на психологията на спорта (Запис номер 120006)
[ съкратено ]
| 000 -Лидер | |
|---|---|
| Контролно поле с фиксирана дължина | nam a22 a 4500 |
| 003 - Код на организацията, давaща контролен номер | |
| Контролно поле | BLK |
| 005 - Дата и час на последна редакция | |
| Контролно поле | 20220616131307.0 |
| 008 - Елементи от данни с фиксирана дължина | |
| fixed length control field | 180409b bul|||||r ||||||| ||bul|| |
| 010 ## - Наследен системен номер | |
| LC control number | KNG00125622000 |
| 040 ## - Източник на каталожния запис | |
| Идентификатор на билиотеката - собственик на записа | BLK |
| 041 ## - Код за език | |
| Код за езика на текст/звукозапис или на отделно заглавие | Български |
| Код за езика КДБФ | Български |
| 080 ## - УДК | |
| Текстов определител УДК | Спорт. Физическа култура |
| УДК код - определител по УДК | 796/799 |
| УДК определител | :159.9 |
| УДК - код + определител | 796/799:159.9 |
| 139 ## - Редно поле | |
| Редна дума | Актуални проблеми на психологията на спорта |
| Авторски знак | Акт - А 45 |
| 245 10 - Сведения за заглавието | |
| Заглавие | Актуални проблеми на психологията на спорта |
| Подзаглавни данни | Сб. от статии на бълг. и чужди авт. |
| Редно поле (дума) | под общ. ред. на Ема Герон. |
| 257 ## - Страна на издаване | |
| Страна на създаване/издаване | България |
| 260 ## - Област на издателските данни | |
| Място на издаване, разпространение и проч. | София |
| Име на издателя, разпространителя и проч. | Медицина и физкултура |
| Година на издаване | 1968 |
| 300 ## - Физическа характеристика | |
| Страници | 415 с. |
| Илюстрации и др. | с ил. |
| Размери/Мащаб | 20 см |
| 380 ## - Жанр | |
| Жанр | 793/799 Спорт |
| 500 ## - Общи забележки | |
| Забележка | Рез. на фр., англ. ез. |
| 504 ## - Забележка за наличие на библиография и др | |
| Забележка за наличие на библиография и под. | Библиогр. след отд. статии |
| 650 #4 - Допълнително описание по предмет – тема | |
| Основно описание – тема или топоним | Спорт - психология |
| 9 (RLIN) | 262226 |
| 653 ## - Ключова дума – ненормативна | |
| Ключова дума | спорт |
| 653 ## - Ключова дума – ненормативна | |
| Ключова дума | психология |
| 700 1# - Други автори (авторска отговорност) | |
| Лично име | Герон, Ема |
| Автороска отговорност (Описва отношението между автора и произведението) | под общ. ред. на |
| 9 (RLIN) | 376828 |
| 852 ## - Местоположение | |
| Форматна сигнатура | Цб 47275 |
| Фондова буква | Хранилище |
| 999 ## - СИСТЕМНИ КОНТРОЛНИ НОМЕРА | |
| Koha biblionumber | 120006 |
| Koha biblioitemnumber | 120006 |
| 942 ## - АРТИКУЛИ | |
| Вид на библиотечния материал | Книги |
| Скрит в OPAC | Не |
| Периодичен библиозапис | Да |
| 944 ## - СЪЗДАВАНЕ И РЕДАКЦИЯ на ЗАПИСА | |
| Създаване/Редакция | Създаване |
| Дата на регистрацията/редакция | 09.09.2011 |
| Статус, дата на статуса | 09.09.2011 - от С1,Р / 09.09.2011 |
| Служител, извършил регистрацията/редакцията | Кети_Илиева |
| 944 ## - СЪЗДАВАНЕ И РЕДАКЦИЯ на ЗАПИСА | |
| Създаване/Редакция | Редакция |
| Дата на регистрацията/редакция | 2022-06-16 |
| Служител, извършил регистрацията/редакцията | ГГГ |
| Код за отписване | Код за изгубен артикул | Източник на класификационната схема | Код за повреда | Коз за рестрикции | Код за отдаване | Артикулен № | Име на библиотеката - собственик | Име на библиотеката, в която се намира в момента | Статус (Текущо местоположение) | Дата на вписване в системата | Местоположение - отдел | Цена в лева | Инвентарен номер | Систематично азбучна сигнатура | Баркод | Номер на екземпляра | Цена в евро | Служебна бележка | Служебен тип на артикула |
|---|---|---|---|---|---|---|---|---|---|---|---|---|---|---|---|---|---|---|---|
| Не е изгубен | Universal Decimal Classification | Не е повреден | без рестрикции | ползва се в читалня | 193725 | Регионална библиотека "Любен Каравелов" Русе | Регионална библиотека "Любен Каравелов" Русе | Хранилище | 2022-06-16 | Хранилище | 2.60 | 14666/68 | Цб 47275 | 900000102579 | 1 | 1.33 | Вид: Сф Дата: 01.01.1968 | Книги | |
| Изтеглен | Не е изгубен | Universal Decimal Classification | Не е повреден | без рестрикции | заемане за дома | 193726 | Регионална библиотека "Любен Каравелов" Русе | Регионална библиотека "Любен Каравелов" Русе | Заемна - подръчен фонд | 1968-01-01 | Заемна - подръчен фонд | 2.60 | 17034/68 | П 796/799/А 45 | 17034/68 | 2 | 1.33 | Вид: Сф Дата: 01.01.1968 Дата инв: 08.02.2018 Бележки инв: П2018 | Книги |